Co-operation with the Central Mining Research Station, Dhanbad, India

Đã lưu trong:
书目详细资料
企业作者: International Labour Organisation
格式: 图书
语言:Undetermined
出版: [Geneva] United Nations Special Fund, 1965
主题:
标签: 添加标签
没有标签, 成为第一个标记此记录!
Thư viện lưu trữ: Trung tâm Học liệu Trường Đại học Cần Thơ
LEADER 00735nam a2200205Ia 4500
001 CTU_98729
008 210402s9999 xx 000 0 und d
082 |a 622.3 
082 |b I.61 
110 |a International Labour Organisation 
245 0 |a Co-operation with the Central Mining Research Station, Dhanbad, India 
245 0 |c report prepared for the government of India by the International Labour Organisation, acting as the executing agency for the United Nations Special Fund. 
260 |a [Geneva] 
260 |b United Nations Special Fund, 
260 |c 1965 
650 |a Mining,Mining engineering 
650 |x Research 
650 |z India 
904 |i Năm 
980 |a Trung tâm Học liệu Trường Đại học Cần Thơ